000 00305nam a2200121Ia 4500
008 230907s9999||||xx |||||||||||||| ||und||
082 _a363.7
_bENG
245 0 _aEnvironmental science :
260 _aMcGraw-Hill,
_bDubuque :
_c2013
300 _axxv, 485 p. :
650 _aTextbooks.
_98511
942 _cBK
999 _c600963
_d600963